000 00803npc a2200217Ia 4500
001 dp5/7-1570 [d000001609]
003 IT-MiCISF
005 20250701142123.0
008 161014s9999||||xx | und||
040 _aIT-MiCISF
_cIT-MiCISF
041 _ait
100 _aCampanini Giorgio, Bonte-Dehaene Thérese e Jacques, Olivier Bernard
_962355
245 0 _aQuale missione per la coppia cristiana oggi?
_b27° Congresso internazionale dei Centri di preparazione al matrimonio, Siena, 20-23 maggio 1993
260 _bFederazione internazionale dei centri di preparazione al matrimonio,
_c1993
300 _app. 53
500 _a matrimonio-sacramento, società, ministero-coniugale, fedeltà, solidarietà
650 _amatrimonio
654 _aatti
942 _cDD
_2ddc
999 _c206422
_d206422
999 _bsi